| 000 | 00896nam a2200265Ia 4500 | ||
|---|---|---|---|
| 003 | GCL | ||
| 005 | 20240530095508.0 | ||
| 008 | 140319s9999 xx 000 0 ara d | ||
| 020 | _a3033829953 | ||
| 040 |
_aGCL / _cGCL |
||
| 082 | 0 | 4 |
_a327.174 _bم ت |
| 245 | 1 | 0 |
_aالتسلح ونزع السلاح والامن الدولى : _bالكتاب السنوى 2005 / |
| 250 | _aالاولى | ||
| 260 |
_aبيروت : _bمركز دراسات الوحدة العربية ، _c2005 |
||
| 300 |
_a1183ص ؛ _c24سم |
||
| 650 | 0 | 4 | _aنزع السلاح |
| 650 | 0 | 4 | _aالامن الدولى |
| 650 | 0 | 4 | _aالاسلحة البيولوجية |
| 650 | 0 | 4 | _aالاسلحة الكيميائية |
| 650 | 0 | 4 | _aالاسلحة والتسليح |
| 650 | 0 | 4 | _aالاسلحة النووية |
| 700 |
_4مترجم _aعمر الايوبى |
||
| 700 |
_4مترجم _aحسن حسن |
||
| 942 |
_2ddc _cBK |
||
| 999 |
_c7833 _d7833 |
||